[Event "URS-ch U26"]
[Site "Vilnius"]
[Date "1978.??.??"]
[Round "6"]
[White "Agzamov, Georgy"]
[Black "Psakhis, Lev"]
[Result "1-0"]
[WhiteElo "2390"]
[BlackElo "2480"]
[PlyCount "67"]
[EventDate "1978.??.??"]
[Source "ChessBase"]

1. e4 c5 2. Nf3 b6 3. d4 cxd4 4. Nxd4 Bb7 5. Nc3 a6 6. Bg5 Qc7 7. Bd3 e6 8. O-O Bc5 9. Nb3 Bd6 10. Kh1 Nf6 11. Qe2 Nc6 12. Be3 Be5 13. Na4 b5 14. Nb6 Rb8 15. c3 Bf4 16. Bxf4 Qxf4 17. a4 Ne5 18. f3 Qh4 19. Bc2 O-O 20. a5 Nh5 21. Qf2 Qe7 22. Rfd1 d6 23. Rd4 Rbd8 24. Rad1 g5 25. Qd2 Qf6 26. Nc5 Nxf3 27. gxf3 Qxf3+ 28. Qg2 Qf6 29. Nxb7 Nf4 30. Qf2 Rb8 31. Nd7 Qe7 32. Nxb8 Qxb7 33. Rxd6 Qxb8 34. Qb6 1-0

[Event "Moscow ol (Women)"]
[Site "Moscow"]
[Date "1994.??.??"]
[Round "3"]
[White "Madl, Ildiko"]
[Black "Arakhamia Grant, Ketevan"]
[Result "1/2-1/2"]
[WhiteElo "2415"]
[BlackElo "2450"]
[PlyCount "57"]
[EventDate "1994.11.??"]
[Source "ChessBase"]

1. e4 c5 2. Nf3 b6 3. d4 cxd4 4. Nxd4 Bb7 5. Nc3 a6 6. Bd3 d6 7. O-O Nd7 8. f4 g6 9. Nf3 Bg7 10. Qe1 Nc5 11. Bd2 Nf6 12. a4 O-O 13. b4 Nxd3 14. cxd3 Rc8 15. Rc1 Nd7 16. Qg3 a5 17. bxa5 bxa5 18. d4 Nf6 19. Qe1 Ba6 20. Nb5 Rxc1 21. Bxc1 Qb6 22. Bd2 Bxb5 23. Bxa5 Qb7 24. axb5 Qxb5 25. e5 Nd5 26. Bd2 Qd3 27. Qb1 Qxb1 28. Rxb1 dxe5 29. dxe5 1/2-1/2

[Event "Gausdal Int"]
[Site "Gausdal"]
[Date "1982.??.??"]
[Round "3"]
[White "Arnason, Jon L"]
[Black "Forintos, Gyozo V"]
[Result "1/2-1/2"]
[WhiteElo "2455"]
[BlackElo "2410"]
[PlyCount "48"]
[EventDate "1982.08.??"]
[Source "ChessBase"]

1. e4 c5 2. Nf3 b6 3. d4 cxd4 4. Nxd4 Bb7 5. Nc3 Nc6 6. Be3 Nf6 7. f3 e6 8. Qd2 a6 9. Nb3 d6 10. g4 Ne5 11. Qf2 Nfd7 12. g5 b5 13. Rg1 Rc8 14. O-O-O Nc4 15. Ba7 Be7 16. h4 b4 17. Na4 d5 18. f4 Qc7 19. exd5 Bxd5 20. Bd4 O-O 21. h5 Bd6 22. Kb1 Qc6 23. Bd3 Be4 24. Bxg7 Kxg7 1/2-1/2

[Event "BL2-West 0102"]
[Site "Germany"]
[Date "2002.04.14"]
[Round "8.2"]
[White "De Gleria, Francesco"]
[Black "Bricard, Emmanuel"]
[Result "0-1"]
[WhiteElo "2419"]
[BlackElo "2445"]
[PlyCount "112"]
[EventDate "2001.10.07"]
[Source "ChessBase"]
[SourceDate "2002.07.08"]

1. e4 c5 2. Nf3 b6 3. d4 cxd4 4. Nxd4 Bb7 5. Nc3 a6 6. Bg5 Qc7 7. Bd3 e6 8. O-O Bc5 9. Nb3 Bd6 10. f4 h6 11. Qh5 Nf6 12. Bxf6 gxf6 13. e5 Bc5+ 14. Nxc5 Qxc5+ 15. Kh1 f5 16. Be2 Nc6 17. Bf3 Qb4 18. Qh4 Qxb2 19. Ne2 Qa3 20. Rfd1 Na5 21. Rd3 Qe7 22. Qf2 Bxf3 23. Qxf3 Ra7 24. Ng3 Kd8 25. Rb1 Kc7 26. Nh5 Rb7 27. Nf6 Kb8 28. Rd6 Nc4 29. Rd4 d5 30. exd6 Nxd6 31. Qc6 Rd8 32. a4 Nc8 33. Rxd8 Qxd8 34. Nh5 Qc7 35. Qxc7+ Rxc7 36. Rb2 Kb7 37. Kg1 Nd6 38. Nf6 Rc3 39. Nd7 Nc4 40. Rb3 Rxc2 41. Nxb6 Nxb6 42. a5 Rc6 43. Kf2 Kc7 44. axb6+ Rxb6 45. Rc3+ Kb7 46. Rd3 Kc6 47. Rd8 a5 48. Ra8 Kb5 49. Ke3 a4 50. Kd3 Ra6 51. Rb8+ Kc6 52. Rc8+ Kd7 53. Rc2 a3 54. Ra2 Kd6 55. g3 Kd5 56. Kc2 Ke4 0-1

[Event "Deutschland"]
[Site "?"]
[Date "2004.10.24"]
[Round "1.1"]
[White "Goloshchapov Alexander"]
[Black "Lisanti Andre"]
[Result "1-0"]
[WhiteElo "2577"]
[BlackElo "2281"]
[PlyCount "69"]
[EventDate "2004.??.??"]
[Source "www.chesslib.no"]
[SourceDate "2004.05.04"]

1. e4 c5 2. Nf3 b6 3. d4 cxd4 4. Nxd4 a6 5. Nc3 e6 6. Be3 Qc7 7. Qd2 Bb4 8. f3 Ne7 9. Nde2 Nbc6 10. a3 Bc5 11. O-O-O Na5 12. Ng3 h5 13. Bf4 e5 14. Be3 Bb7 15. Bxc5 bxc5 16. Be2 h4 17. Nf1 Nac6 18. Ne3 Nd4 19. Bc4 Rb8 20. Ng4 f6 21. Rhf1 Bc6 22. Ne3 Qb6 23. b3 a5 24. a4 Qb4 25. Kb2 h3 26. g3 Bxa4 27. Nxa4 Qxa4 28. Ra1 Qb4 29. c3 Nxb3 30. Qd1 Qxc4 31. Nxc4 Nd2+ 32. Ka2 Nxc4 33. Rb1 Rxb1 34. Qxb1 Nc6 35. Qd1 1-0

[Event "Valle d'Aosta op 8th"]
[Site "Saint Vincent"]
[Date "2000.02.14"]
[Round "3"]
[White "Bellia, Fabrizio"]
[Black "Efimov, Igor"]
[Result "0-1"]
[WhiteElo "2321"]
[BlackElo "2537"]
[PlyCount "64"]
[EventDate "2000.02.12"]
[Source "ChessBase"]
[SourceDate "2000.03.10"]

1. e4 c5 2. Nf3 b6 3. d4 cxd4 4. Nxd4 Bb7 5. Bd3 g6 6. O-O Bg7 7. Nf3 d6 8. Nc3 Nd7 9. Bd2 Ngf6 10. Qe2 O-O 11. Rae1 Nc5 12. Ng5 h6 13. Nh3 e5 14. f4 d5 15. fxe5 Nfxe4 16. Bc1 Rc8 17. Nxe4 dxe4 18. Bc4 Qd4+ 19. Kh1 Nd7 20. Bxf7+ Rxf7 21. Rxf7 Kxf7 22. Rd1 Qa4 23. e6+ Kxe6 24. Qg4+ Ke7 25. Qxg6 Bf6 26. Qh7+ Kd8 27. Bf4 Qc6 28. Bd6 Qc4 29. Be5 Bd5 30. Bxf6+ Nxf6 31. Qf7 Rc6 32. Nf4 Qf1+ 0-1

[Event "Tch-SWE 2002-3"]
[Site "Sweden"]
[Date "2003.03.16"]
[Round "11"]
[White "Astrom, Goran"]
[Black "Cicak, Slavko"]
[Result "0-1"]
[WhiteElo "2331"]
[BlackElo "2526"]
[PlyCount "76"]
[EventDate "2003.01.01"]
[Source "Roberto Alvarez"]
[SourceDate "2003.03.17"]

1. e4 c5 2. Nf3 b6 3. d4 cxd4 4. Nxd4 Bb7 5. Nc3 a6 6. g3 d6 7. Bg2 e6 8. O-O Nd7 9. b3 Qc7 10. Bb2 Ngf6 11. Qe2 Be7 12. Rad1 O-O 13. g4 g6 14. g5 Nh5 15. Qg4 Ne5 16. Qh4 h6 17. f4 hxg5 18. fxg5 Rfe8 19. Nce2 Bf8 20. Ng3 Nxg3 21. Qxg3 Bg7 22. c4 b5 23. cxb5 Qb6 24. Qf2 Qc7 25. a4 Qe7 26. h4 axb5 27. Nxb5 Ba6 28. Nxd6 Ng4 29. Qg3 Qa7+ 30. Kh1 Bxf1 31. Rxf1 Bxb2 32. Nxe8 Ne3 33. Nf6+ Bxf6 34. Rxf6 Rd8 35. Rf3 Rd3 36. Kh2 Rxb3 37. Qf4 e5 38. Qf6 Ng4+ 0-1

[Event "Szeged"]
[Site "Szeged"]
[Date "1997.??.??"]
[Round "11"]
[White "Feher, Gyula"]
[Black "Seres, Lajos"]
[Result "0-1"]
[WhiteElo "2380"]
[BlackElo "2470"]
[PlyCount "86"]
[EventDate "1997.??.??"]
[Source "www.chesslib.no"]
[SourceDate "2004.05.04"]

1. e4 c5 2. Nf3 b6 3. d4 cxd4 4. Nxd4 Bb7 5. Nc3 a6 6. g3 d6 7. Bg2 Nd7 8. O-O e6 9. Qe2 Be7 10. f4 Qc7 11. Be3 Ngf6 12. Rad1 O-O 13. g4 Nc5 14. Bf2 d5 15. exd5 Nxd5 16. Nxd5 Bxd5 17. Bxd5 exd5 18. Nf5 Bf6 19. c3 Ne6 20. Be3 Qc6 21. g5 Bd8 22. Qg2 Nc7 23. Bd4 Ne6 24. Be5 b5 25. Rxd5 Qb6+ 26. Kh1 Bc7 27. Nd6 Rad8 28. Rfd1 Rd7 29. f5 Nc5 30. Qg1 Na4 31. b3 Qxg1+ 32. Kxg1 Nb6 33. R5d4 Rfd8 34. c4 bxc4 35. Nxc4 Bxe5 36. Rxd7 Rxd7 37. Rc1 Bd4+ 38. Kg2 Nxc4 39. Rxc4 Kf8 40. Rc6 a5 41. Kf3 f6 42. h4 Kf7 43. Ke4 Be5 0-1

[Event "ESP-chT Div 1"]
[Site "Cala Galdana"]
[Date "1999.11.09"]
[Round "2"]
[White "Toledano Llinares, Juan Antonio"]
[Black "Bellon Lopez, Juan Manuel"]
[Result "1/2-1/2"]
[WhiteElo "2383"]
[BlackElo "2463"]
[PlyCount "120"]
[EventDate "1999.11.08"]
[Source "www.chesslib.no"]
[SourceDate "2004.05.04"]

1. e4 c5 2. Nf3 b6 3. d4 cxd4 4. Nxd4 Bb7 5. Nc3 a6 6. g3 e6 7. Bg2 Bb4 8. O-O Bxc3 9. bxc3 Ne7 10. Ba3 O-O 11. Rb1 Re8 12. c4 Qc7 13. Qd3 d6 14. Rfd1 Nc8 15. Nf3 Qc6 16. Ne1 e5 17. f3 Rd8 18. Bh3 Nd7 19. Ng2 Nc5 20. Qd2 b5 21. Ne3 Nb6 22. Nf5 Qc7 23. Qa5 Bc8 24. Kg2 g6 25. Bxc5 dxc5 26. Ne3 Bxh3+ 27. Kxh3 b4 28. c3 Rxd1 29. Rxd1 bxc3 30. Qxc3 Re8 31. Nd5 Nxd5 32. Rxd5 Re6 33. Qe3 Rc6 34. Qg5 Qc8+ 35. g4 f6 36. Qd2 Qe6 37. Rd8+ Kg7 38. Rd7+ Kh8 39. Kg3 g5 40. h4 gxh4+ 41. Kxh4 Rc8 42. Qd5 Qg8 43. Qxg8+ Kxg8 44. Ra7 Rc6 45. a4 Rb6 46. a5 Rb4 47. Rxa6 Kf7 48. g5 fxg5+ 49. Kxg5 Rxc4 50. Kf5 Rc3 51. Rf6+ Kg7 52. Kxe5 Ra3 53. a6 c4 54. Rc6 Rxf3 55. Rxc4 Ra3 56. Rc7+ Kg6 57. Rc6+ Kg5 58. Ke6 h5 59. e5 h4 60. Kf7 h3 1/2-1/2

[Event "III Internacional"]
[Site "São José do Rio Preto"]
[Date "2004.03.23"]
[Round "1.6"]
[White "Rocha, Wellington"]
[Black "Limp, Eduardo"]
[Result "0-1"]
[WhiteElo "2440"]
[BlackElo "2401"]
[PlyCount "36"]
[EventDate "2004.03.23"]
[Source "Roberto Alvarez"]
[SourceDate "2004.04.05"]

1. e4 c5 2. Nf3 b6 3. d4 cxd4 4. Nxd4 Bb7 5. Nc3 Nf6 6. f3 Nc6 7. Be3 e6 8. Ndb5 Qb8 9. Qd2 a6 10. Bxb6 axb5 11. Nxb5 Be7 12. Bc7 Qc8 13. Nd6+ Bxd6 14. Bxd6 Ne7 15. a3 Bxe4 16. Bxe7 Kxe7 17. fxe4 Qc5 18. O-O-O Rxa3 0-1

[Event "It (Open) Bad Zwesten GER"]
[Site "?"]
[Date "2006.01.07"]
[Round "8"]
[White "Mainka Romuald"]
[Black "Philippe Christophe"]
[Result "1-0"]
[WhiteElo "2457"]
[BlackElo "2384"]
[PlyCount "141"]
[EventDate "2006.??.??"]
[Source "www.chesslib.no"]
[SourceDate "2004.05.04"]

1. e4 c5 2. Nf3 b6 3. c3 Bb7 4. Bd3 Nf6 5. e5 Nd5 6. O-O e6 7. Re1 Be7 8. Be4 Qc7 9. c4 Nb4 10. Bxb7 Qxb7 11. d4 cxd4 12. a3 N4c6 13. b4 b5 14. Qd3 bxc4 15. Qxc4 O-O 16. Nbd2 Rc8 17. Qd3 a6 18. Nb3 Qb5 19. Qe4 f5 20. exf6 Bxf6 21. Nbxd4 Nxd4 22. Nxd4 Bxd4 23. Qxd4 Rc4 24. Qd6 Nc6 25. Bb2 Qd5 26. Rad1 Qxd6 27. Rxd6 Rc2 28. Bc1 Rf8 29. Be3 Ne5 30. Bc5 a5 31. h3 Rf5 32. f4 Ng6 33. g3 axb4 34. axb4 Nf8 35. Rd3 Rcxc5 36. bxc5 Rxc5 37. Ra1 Kf7 38. Kf2 Rc7 39. Ra8 Ng6 40. Kf3 Ne7 41. Rda3 Rc2 42. R3a7 Rc3+ 43. Kf2 Rc2+ 44. Ke1 e5 45. Rxd7 Ke6 46. Rb7 Nc6 47. fxe5 Kxe5 48. Rxg7 Ke4 49. Rxh7 Kf3 50. Ra3+ Kg2 51. Kd1 Rf2 52. g4 Ne5 53. Re7 Rf1+ 54. Kc2 Rf2+ 55. Kb1 Rf1+ 56. Ka2 Rf2+ 57. Kb3 Nc6 58. Rh7 Rf4 59. Ra6 Nd4+ 60. Kc3 Kg3 61. g5 Nb5+ 62. Kd3 Rf3+ 63. Kc4 Na3+ 64. Kd5 Nc2 65. Rf6 Ra3 66. g6 Ra5+ 67. Ke4 Ra4+ 68. Ke5 Ra5+ 69. Kd6 Nb4 70. g7 Ra6+ 71. Ke5 1-0

[Event "Magistral Vince Toth 4th"]
[Site "Rio de Janeiro"]
[Date "2002.08.09"]
[Round "5"]
[White "Crosa, Martin"]
[Black "Limp, Eduardo"]
[Result "1-0"]
[WhiteElo "2441"]
[BlackElo "2399"]
[PlyCount "96"]
[EventDate "2002.08.06"]
[Source "ChessBase"]
[SourceDate "2002.09.11"]

1. e4 c5 2. Nf3 b6 3. Nc3 Bb7 4. d4 cxd4 5. Nxd4 Nf6 6. e5 Nd5 7. Nxd5 Bxd5 8. Nf5 e6 9. c4 Bb7 10. Nd6+ Bxd6 11. Qxd6 Nc6 12. b3 f6 13. exf6 Qxf6 14. Rb1 Rf8 15. Be3 O-O-O 16. Rd1 Qc3+ 17. Qd2 Qxd2+ 18. Rxd2 d5 19. cxd5 exd5 20. Bb5 d4 21. Bxc6 Bxc6 22. Rxd4 Rxd4 23. Bxd4 Rd8 24. Be3 Bxg2 25. Rg1 Bf3 26. Bd2 g6 27. Rg3 Rf8 28. Bh6 Rf7 29. Kd2 Rd7+ 30. Kc3 Rf7 31. Be3 Kb7 32. Rg5 Rc7+ 33. Kb2 Be4 34. Re5 Bf5 35. b4 h5 36. a4 a6 37. b5 Rd7 38. a5 bxa5 39. b6 a4 40. Ra5 Bd3 41. Rxa4 Bf5 42. Kc3 Rd3+ 43. Kc4 Rd7 44. Bd4 Be4 45. Ra1 Bf5 46. Kc5 Re7 47. Be5 Rd7 48. Bd6 Be4 1-0

[Event "TCh-AUT"]
[Site "Graz"]
[Date "2004.11.20"]
[Round "2"]
[White "Gross, David2"]
[Black "Balinov, Ilija"]
[Result "1-0"]
[WhiteElo "2465"]
[BlackElo "2372"]
[PlyCount "117"]
[EventDate "2004.11.19"]
[Source "Roberto Alvarez"]
[SourceDate "2004.11.22"]

1. e4 c5 2. Nf3 b6 3. d4 cxd4 4. Nxd4 Bb7 5. Nc3 a6 6. Be3 e6 7. Qd2 Qc7 8. f3 Nf6 9. g4 h6 10. O-O-O Bb4 11. a3 Bxc3 12. Qxc3 Qxc3 13. bxc3 d5 14. e5 Nfd7 15. f4 h5 16. gxh5 Nc5 17. Rg1 Rxh5 18. Rxg7 Kf8 19. Rg2 Nbd7 20. Be2 Rh3 21. Bd2 Ne4 22. Rf1 Ke7 23. f5 Nxe5 24. fxe6 Nxd2 25. Kxd2 Rf8 26. Rf5 Kd6 27. exf7 Rxf7 28. Rxf7 Nxf7 29. Rg6+ Ke7 30. Re6+ Kd8 31. Rxb6 Kc7 32. Rg6 Nd6 33. Ne6+ Kb8 34. Nc5 Ne4+ 35. Nxe4 dxe4 36. Bxa6 Rxh2+ 37. Kd1 Rh1+ 38. Kd2 Rh2+ 39. Be2 Rh3 40. a4 e3+ 41. Kd3 Rh4 42. Rg4 Rxg4 43. Bxg4 Bc6 44. a5 Kb7 45. Kxe3 Ka6 46. Kd4 Kxa5 47. Kc5 Be4 48. Bd1 Bf5 49. c4 Ka4 50. c3+ Ka5 51. Kd6 Kb6 52. Bf3 Bh3 53. Bc6 Bc8 54. c5+ Ka5 55. Bd7 Ba6 56. c6 Ka4 57. Be6 Kb5 58. c4+ Kb4 59. c5 1-0

[Event "XVII Festival"]
[Site "Abu Dhabi EAU"]
[Date "2007.08.20"]
[Round "9"]
[White "Toufighi, H."]
[Black "Kekelidze, M."]
[Result "0-1"]
[WhiteElo "2391"]
[BlackElo "2445"]
[PlyCount "124"]
[EventDate "2007.08.12"]
[Source "www.chesslib.no"]
[SourceDate "2004.05.04"]

1. e4 c5 2. Nf3 b6 3. Bc4 Bb7 4. O-O e6 5. Re1 d6 6. a4 Nf6 7. e5 dxe5 8. Nxe5 Bd6 9. Bb5+ Nbd7 10. a5 a6 11. Nxd7 Nxd7 12. Bf1 b5 13. Nc3 O-O 14. g3 Bc7 15. b3 Bxa5 16. Bb2 Nf6 17. Bg2 Bxg2 18. Kxg2 Bxc3 19. Bxc3 Qd5+ 20. Qf3 Qxf3+ 21. Kxf3 Nd5 22. Ba5 Rfc8 23. Rec1 c4 24. bxc4 Rxc4 25. d3 Rc5 26. c4 bxc4 27. Rxc4 Rxc4 28. dxc4 Ne7 29. Rb1 Nc6 30. Bc3 Rb8 31. Ra1 a5 32. Ke2 h5 33. Bxa5 Rb3 34. h4 e5 35. c5 Nd4+ 36. Kf1 f6 37. Bb6 Rc3 38. Ra8+ Kf7 39. Ke1 Rc2 40. Ra7+ Kg6 41. Rc7 Kf5 42. Rxg7 Ke4 43. Ra7 f5 44. Ra3 Kd5 45. Rd3 Ke4 46. Re3+ Kd5 47. Ra3 Rc1+ 48. Kd2 Rb1 49. f4 e4 50. Rc3 Rb2+ 51. Kd1 Rb3 52. Kd2 Rb2+ 53. Kd1 Nc6 54. Ra3 Kd4 55. Ba5 Rg2 56. Be1 Kxc5 57. Ra8 Nd4 58. Ra5+ Kc4 59. Ra4+ Kd5 60. Ra5+ Kc6 61. Bc3 Rg1+ 62. Kd2 Nb3+ 0-1

[Event "TCh-CZE 2002-3"]
[Site "Czech Rep"]
[Date "2002.11.30"]
[Round "3"]
[White "Vyskocil, Neklan"]
[Black "Kalod, Radek"]
[Result "0-1"]
[WhiteElo "2387"]
[BlackElo "2442"]
[PlyCount "110"]
[EventDate "2003.01.01"]
[Source "Roberto Alvarez"]
[SourceDate "2003.04.28"]

1. e4 c5 2. Nf3 b6 3. d4 cxd4 4. Nxd4 Bb7 5. Nc3 a6 6. Bg5 g6 7. Bc4 Bg7 8. Qf3 Nf6 9. O-O-O b5 10. Bb3 O-O 11. Nd5 Nc6 12. Nxc6 Bxc6 13. e5 Nxd5 14. Bxd5 Qc7 15. Rhe1 Bxd5 16. Qxd5 Rac8 17. Rd2 Rfe8 18. Re3 Rcd8 19. Rd4 d6 20. Rf4 Rf8 21. exd6 Rxd6 22. Qb3 e5 23. Rfe4 Qd7 24. Re1 Rc8 25. R4e2 Qg4 26. h4 h6 27. f3 Qg3 28. Bd2 Qxh4 29. Bc3 Qf4+ 30. Kb1 Rcd8 31. a3 Rd1+ 32. Ka2 Rxe1 33. Rxe1 h5 34. Ba5 Rd7 35. Re4 Qf6 36. Qc3 Qe6+ 37. b3 Kh7 38. g4 hxg4 39. fxg4 Qd5 40. Re3 Qb7 41. Rh3+ Kg8 42. Rh2 f6 43. Qh3 Qe4 44. g5 f5 45. Qc3 Kf7 46. Rh7 Kg8 47. Rh2 Qb7 48. Qh3 Kf7 49. Bc3 Rc7 50. Rd2 Qc8 51. Bb2 Rxc2 52. Rd6 e4 53. Rf6+ Kg8 54. Qg3 Bxf6 55. gxf6 Kf7 0-1

[Event "Tch (Men) 2005/2006 BEL"]
[Site "?"]
[Date "2006.03.12"]
[Round "10"]
[White "Klyuner Vyacheslav"]
[Black "Eliet Nicolas"]
[Result "1-0"]
[WhiteElo "2393"]
[BlackElo "2434"]
[PlyCount "89"]
[EventDate "2006.??.??"]
[Source "www.chesslib.no"]
[SourceDate "2004.05.04"]

1. e4 c5 2. Nf3 b6 3. d3 Bb7 4. Nbd2 g6 5. g3 Bg7 6. Bg2 e6 7. O-O Ne7 8. a4 Nbc6 9. Re1 d5 10. h4 Qc7 11. exd5 Nxd5 12. Nc4 h6 13. c3 O-O 14. Qe2 Kh7 15. h5 g5 16. a5 Rae8 17. axb6 axb6 18. Nfe5 Nce7 19. Bd2 f6 20. Ng6 Nxg6 21. hxg6+ Kxg6 22. Ra7 Qb8 23. Rxb7 Qxb7 24. Nd6 Qd7 25. Nxe8 Rxe8 26. Bf3 Re7 27. c4 Nc7 28. b4 f5 29. Bh5+ Kh7 30. bxc5 bxc5 31. g4 Bf6 32. Qf3 Rg7 33. Rb1 Be5 34. Rb6 Bf4 35. Bc3 Rg8 36. Rc6 Ne8 37. Rxc5 Qe7 38. Rb5 Nd6 39. Bb4 Qf6 40. Bxd6 Bxd6 41. gxf5 Rf8 42. Qc6 Qd4 43. Rb7+ Kh8 44. Qd7 Bh2+ 45. Kg2 1-0

[Event "Meisterturnier 2003"]
[Site "Unterkochen"]
[Date "2003.09.03"]
[Round "5"]
[White "Holzhaeuer, Mathias"]
[Black "Zeller, Frank"]
[Result "0-1"]
[WhiteElo "2404"]
[BlackElo "2417"]
[PlyCount "60"]
[EventDate "2003.08.30"]
[Source "Roberto Alvarez"]
[SourceDate "2003.09.22"]

1. e4 c5 2. Nf3 b6 3. c3 Bb7 4. Bd3 Nf6 5. e5 Nd5 6. O-O e6 7. Re1 Be7 8. Be4 Qc8 9. a3 f5 10. exf6 Nxf6 11. Bxb7 Qxb7 12. c4 Nc6 13. Nc3 O-O 14. h3 Nd4 15. Ng5 g6 16. d3 Nh5 17. Re4 h6 18. Nf3 Nxf3+ 19. gxf3 Rf5 20. f4 Raf8 21. Ne2 Bh4 22. Be3 Kh7 23. Kh2 g5 24. Ng3 Bxg3+ 25. fxg3 gxf4 26. gxf4 Nxf4 27. Qd2 Qc7 28. Kh1 Nh5 29. Rg4 Rf3 30. Rh4 Qg3 0-1

[Event "Pardubice KB op"]
[Site "Pardubice"]
[Date "2000.07.23"]
[Round "3"]
[White "Groszpeter, Attila"]
[Black "Berezjuk, Sergej"]
[Result "1-0"]
[WhiteElo "2478"]
[BlackElo "2343"]
[PlyCount "105"]
[EventDate "2000.07.21"]
[Source "www.chesslib.no"]
[SourceDate "2004.05.04"]

1. e4 c5 2. Nf3 b6 3. d4 cxd4 4. Nxd4 Bb7 5. Nc3 a6 6. Bg5 Qc7 7. Nd5 Qe5 8. Be3 e6 9. Nf3 Qxe4 10. Nc7+ Ke7 11. Nxa8 Bxa8 12. Qd4 Qxd4 13. Bxd4 Nf6 14. Bxb6 g6 15. Rd1 Nd5 16. Bc5+ Ke8 17. Bxf8 Rxf8 18. c4 Nf4 19. Rd4 Nh5 20. c5 Ke7 21. Ne5 f6 22. Nc4 e5 23. Rd6 Nf4 24. f3 Rd8 25. Nb6 Bb7 26. Kf2 Nc6 27. Bc4 Nd4 28. Rd1 g5 29. b4 h5 30. g3 Nh3+ 31. Kf1 Bxf3 32. R1xd4 exd4 33. Bxa6 g4 34. Rxd4 Ng5 35. Bb5 Bc6 36. Bxc6 dxc6 37. Rxd8 Kxd8 38. a4 Kc7 39. Nc4 Nf3 40. Kg2 Ne1+ 41. Kf1 Nd3 42. Nd6 Nxb4 43. Ne8+ Kd7 44. Nxf6+ Ke6 45. Nxh5 Na6 46. Nf4+ Ke5 47. Nd3+ Kd4 48. Nf2 Nxc5 49. a5 Na6 50. Nxg4 c5 51. Ke2 c4 52. h4 c3 53. h5 1-0